00704nam a2200169 a 450000100100000000500170001000800410002704000250006810000450009324501430013826000530028130000200033449000270035483000310038195201050041299900170051700003818820201002031205.0130321s2010 dr 000 0 spa d aDO-SdBNPbspacBNPHU1 aCastaño Guzmán, Julio César96455710aDiscurso entrega de certíficados de elección a ganadores del nivel congresional en las elecciones /cJulio César Castaño Guzmán. aSanto Domingo :bJunta Central Electoral,c2010. a15 p. ;c22 cm.1 aEnsayos electoralesv7 0aEnsayos electorales912223 0010718PDaPDbPDcCTd2013-03-21iLF1l0o p38188-10r2020-06-25w2020-06-25yLFPDZNo se presta c37678d37678